Dung sai và lắp ghép /

Sách giới thiệu phạm vi ứng dụng của các kiểu lắp tiêu chuẩn và hướng dẫn cách lựa chọn dung sai trong các trường hợp cụ thể. Đồng thời giới thiệu một số bảng tiêu chuẩn chủ yếu...

Сохранить в:
Библиографические подробности
Главный автор: Ninh Đức Tốn, PGS.PTS.
Формат:
Язык:Vietnamese
Опубликовано: Hà Nội : Giáo dục, 2000.
Предметы:
Метки: Добавить метку
Нет меток, Требуется 1-ая метка записи!
Thư viện lưu trữ: Mạng thư viện Đại học Đà Nẵng
LEADER 01092cam a2200361 i 4500
001 000046683
003 6186
005 20050803150103.0
008 010307b2000 vm 000 vie
020 |c 16000 
022 |a T 
040 |a IRC  |c IRC  |d IRC 
041 0 |a vie 
082 1 4 |a 620  |b NI-T 
100 1 |a Ninh Đức Tốn,  |c PGS.PTS. 
245 1 0 |a Dung sai và lắp ghép /  |c Ninh Đức Tốn. 
260 |a Hà Nội :  |b Giáo dục,  |c 2000. 
300 |a 176 tr. ;  |c 27 cm. 
520 3 |a Sách giới thiệu phạm vi ứng dụng của các kiểu lắp tiêu chuẩn và hướng dẫn cách lựa chọn dung sai trong các trường hợp cụ thể. Đồng thời giới thiệu một số bảng tiêu chuẩn chủ yếu... 
630 0 4 |a Lắp ghép. 
630 0 4 |a Dung sai. 
650 0 4 |a Dung sai. 
650 0 4 |a Lắp ghép. 
OWN |a DUT 
999 |a From the UDN01 
TYP |a Monograph 
TYP |a Printed language 
980 |a Mạng thư viện Đại học Đà Nẵng